Chansons françaises par paroles commençant par N - Statistiques

Statistiques générales
  • Ce quiz a été pris 96 fois
  • Le résultat moyen est 7 sur 20
Statistiques - réponses
Hint Réponse % Correct
Et tu chantes chantes chantes Ce refrain qui te plaît Et tu tapes tapes tapes C'est ta façon d'aimer Nuit de folie
84%
Moi, je t'offrirai Des perles de pluie Venues de pays Où il ne pleut pas Je creuserai la terre Jusqu'après ma mort Pour couvrir ton corps D'or et de lumière Ne me quitte pas
59%
Non je ne veux pas aller mieux À quoi ça sert d’aller mieux Non je ne veux pas m’habiller Non plus me maquiller Laissez-moi m’ennuyer Arrêtez avec vos questions Non non non (Écouter Barbara)
53%
Il n'y a plus d'espoir Oui gris c'est gris Et c'est fini oh oh oh oh Ça me rend fou J'ai cru à ton amour Et je perds tout Noir c'est noir
47%
Dès l'aérogare J'ai senti le choc Un souffle barbare Un remous hard-rock Dès l'aérogare J'ai changé d'époque Come on ça démarre Sur les starting-blocks Nougayork
47%
Laissez-moi vous suivre Vous qui volez vers d’autres vies Laissez-moi vivre La plus belle aventure, le plus beau voyage Qui mène un jour sur des soleils Sur des planètes d'amour Ne partez pas sans moi
42%
Elle parlait en phrases sobres De la révolution d'octobre Je pensais déjà Qu'après le tombeau de Lénine On irait au café Pouchkine Boire un chocolat Nathalie
34%
Si j'étais née blanche et riche à Johannesburg Entre le pouvoir et la peur Aurais-je entendu ces cris portés par le vent Rien ne sera comme avant Né en 17 à Leidenstadt
34%
On m'a vu dans le Vercors, sauter à l'élastique Voleur d'amphores au fond des criques J'ai fait la cour à des murènes J'ai fait l'amour, j'ai fait le mort T'étais pas née La {nuit je mens}
32%
Oui c’est nous les grosses moulas
Et y a d’la weed y a du Jack
J’suis fonce-dé toute la night
Et na na ni na na na
M’raconte pas tes salades
Ne reviens pas
32%
Dis-moi Pourquoi t'es comme ça Pourquoi ça va pas Pourquoi t'essayes pas Pourquoi tu veux pas N'importe quoi
32%
Je voulais très heureux pour toute la planète Je voulais, j'espérais que la paix règne en maître En ce soir de Noël Mais tout a continué Mais tout a continué Mais tout a continué Non non rien n'a changé
32%
Dès dès dès qu'j'arrive, ça r'garde de travers
Capuché parce que j'suis trop cramé
J'avance avec équipe armée
J'm'organise comme si j'mourais jamais
Mon amour j'vais rentrer tard
Étrier bleu ciel Féfé noire
Ils font tous des petits pas
Dès qu'ils aperçoivent la guitare
Ninao
29%
Et j’voudrais vivre des soirées belles à Sienne
Et vivre au vent, à feu, à cent
M’ouvrir au sang tu mens
Commencer par voir si l’amour bat son plein
Et si Lucien il a perdu son chagrin
Les {nuits parisiennes}
28%
Pleurer ça fait du bien Et si tu as de la peine Souviens-toi que je t'aime Je n'serai jamais loin Ne retiens pas tes larmes
26%
Avec mes souvenirs j'ai allumé le feu Mes chagrins mes plaisirs Je n'ai plus besoin d'eux Balayées les amours avec leurs trémolos Balayées pour toujours je repars à zéro Non, je ne regrette rien
26%
Et quand j'appelle ce soir, tu m'réponds dans le noir Tu dis qu'il est trop tard pour aller mieux, pour avancer Et quand j'appelle ce soir, tu m'réponds dans le noir J'crois qu'on est des milliards à pas savoir vers où avancer Nous on sait
24%
Je fais de la vie mon drapeau Je vois la vie comme un cadeau On n’a pas le temps de se lasser On n’a pas le temps de se tasser On n’a pas le temps de languir On n’a pas le temps mais des années On n’a pas le temps non mais la paix N'attendons pas
13%
Même si c'est tentant De fuir le présent S'il te plaît, ouvre les yeux Regarde devant Va où va le vent Et après, fais de ton mieux Nos plus belles années
11%
Bien sûr que les montagnes sont belles
Bien sûr qu'il y a des vallées
Et les enfants sautent sur les mines
Bien sûr dans une autre vallée
Bien sûr que les poissons ont froid
À se traîner là dans la mer
Ne partons pas fâchés
9%
Aucun quiz correspondant
Distribution des résultats
% des personnes avec chaque résultat
Percentile par nombre de réponses
Votre historique - résultats
Vous n’avez pas pris ce quiz